| 000 | 00899nam a2200229 i 4500 | ||
|---|---|---|---|
| 001 | 110867 | ||
| 003 | ES-MaACL | ||
| 005 | 20260127062542.0 | ||
| 007 | t| | ||
| 008 | 070202s1924 sp ||||1| spa d | ||
| 100 | 1 |
_aBenito y Endara, Lorenzo, _d1855-1932 _927698 |
|
| 245 | 1 | 3 |
_aLa conferencia internacional de derecho marítimo de Bruselas-1922 _b: Conferencia / _cpor Lorenzo Benito y Endara. |
| 260 |
_aMadrid : _bReus, _c1924. |
||
| 300 |
_a75 p. ; _c18 cm. |
||
| 490 | 1 |
_aPublicaciones de la Real Academia de Jurisprudencia y Legislación ; _v68 |
|
| 500 | _aSesión del día 4 Abril de 1923. | ||
| 650 | 1 | 7 |
_aDerecho marítimo _2embne _911730 |
| 700 |
_aReal Academia de Jurisprudencia y Legislación de España _9217612 |
||
| 830 | 0 |
_aPublicaciones de la Real Academia de Jurisprudencia y Legislación ; _v68 _9180630 |
|
| 852 |
_aES-MaACL _jL-5234 |
||
| 999 |
_c110867 _d110867 |
||